Technische Unterlagen zum baulichen Brandschutz
Gespeichert in:
| Format: | Buch |
|---|---|
| Sprache: | Deutsch |
| Veröffentlicht: |
Wien:
AIR-FIRE-TECH,
1999
|
| Tags: |
Keine Tags, Fügen Sie das erste Tag hinzu!
|
MARC
| LEADER | 00000nam a22000003a 4500 | ||
|---|---|---|---|
| 001 | 0025259 | ||
| 003 | SK-STU | ||
| 005 | 20170713094143.3 | ||
| 007 | ta | ||
| 008 | 170713s ----xo-----e------000-0-----d | ||
| 040 | |a STU |b slo | ||
| 041 | 0 | |a ger |h ger | |
| 044 | |a au | ||
| 245 | 1 | 0 | |a Technische Unterlagen zum baulichen Brandschutz |
| 260 | |a Wien: |b AIR-FIRE-TECH, |c 1999 | ||
| 996 | |b 284V027886 |c V* 1476/sc-02 |l VVT |s A |a 24 |w 0025259_0001 | ||